LEADER 00911nam0-22003011i-450- 001 990001874550403321 005 20021010 035 $a000187455 035 $aFED01000187455 035 $a(Aleph)000187455FED01 035 $a000187455 100 $a20021010d--------km-y0itay50------ba 101 0 $aita 200 1 $a<>alimentazione razionale del bestiame agricolo, particolarmente dei bovini$fVincenzo Lucarelli. 210 $aFabriano$cPremiato Stab. Tip. Gentile$d1920. 215 $a104 p.$d23 cm 610 0 $aAlimentazione animale 610 0 $aBovini 676 $a636.084 700 1$aLucarelli,$bVincenzo$0358652 801 0$aIT$bUNINA$gRICA$2UNIMARC 901 $aBK 912 $a990001874550403321 952 $a60 MISC. B 159/3$b$fFAGBC 959 $aFAGBC 996 $aAlimentazione razionale del bestiame agricolo, particolarmente dei bovini$9400559 997 $aUNINA DB $aING01 LEADER 00889nam0-22003251i-450- 001 990006172790403321 005 20120319114024.0 035 $a000617279 035 $aFED01000617279 035 $a(Aleph)000617279FED01 035 $a000617279 100 $a20000112g19571958km-y0itay50------ba 101 0 $afre 105 $a--------00-yy 200 1 $aPrecis de finances publiques$fFernand Baudhuin. 205 $a3. ed. - 210 $aBruxelles$cEmile Bruylant$d1957-1958 215 $a2 v.$d24 cm 676 $a330.9493 700 1$aBaudhuin,$bFernand$f<1894-1977>$0120571 801 0$aIT$bUNINA$gRICA$2UNIMARC 901 $aBK 912 $a990006172790403321 952 $aH0.332/1$b4128$fDECTS 952 $aXIV B 185$b52809$fFGBC 952 $aXIV G 70$b56305$fFGBC 959 $aDECTS 959 $aFGBC 996 $aPrecis de finances publiques$9647177 997 $aUNINA